000 00330nam a2200145Ia 4500
008 230312s9999||||xx |||||||||||||| ||und||
020 _a0-07-048308-6
082 _a790.10
_bARU-C
100 _aArulmani;Gideon
245 0 _aCareer Counselling
260 _bTata
_aUK
_c2004
300 _a365
650 _aLiterature
942 _cBK
999 _c4807
_d4807